Statistiques concernant Livre à l'auteur n°10

Cliquez ici pour prendre le quiz!

Statistiques générales

  • Ce quiz a été pris 60 fois
  • Le résultat moyen est 7 sur 16

Statistiques - réponses

LivreAuteur% Correct
OthelloWilliam Shakespeare
87%
Au Bonheur des DamesÉmile Zola
83%
L'AmantMarguerite Duras
80%
MiseryStephen King
57%
Les Paradis artificielsCharles Baudelaire
54%
La CerisaieAnton Tchekhov
46%
GigiColette
46%
Les BuddenbrookThomas Mann
35%
La Fille qui rêvait d'un bidon d'essence et d'une allumetteStieg Larsson
30%
Sa majesté des mouchesWilliam Golding
26%
Le Sang d'un poèteJean Cocteau
22%
L'Automne du patriarcheGabriel García Márquez
20%
Notre-Dame-des-FleursJean Genet
19%
Le RevizorNicolas Gogol
19%
Narcisse et GoldmundHermann Hesse
17%
Le Magicien de LublinIsaac Bashevis Singer
13%

Distribution des résultats

Percentile par nombre de réponses

% des personnes avec chaque résultat

Votre développement - résultats

Vous n’avez pas pris ce quiz